|
|
|
|
| LEADER |
02095nam a2200337 a 4500 |
| 001 |
00015775 |
| 003 |
BD-DhAAL |
| 008 |
090525s2003 enka b 001 0 eng d |
| 010 |
|
|
|a \\2003045085
|
| 020 |
|
|
|a 0470843268 (cloth : alk. paper)
|
| 020 |
|
|
|a 0470843276 (pbk. : alk. paper)
|
| 040 |
|
|
|a DLC
|c DLC
|d DLC
|d BD-DhAAL
|
| 082 |
0 |
0 |
|a 615.19
|2 21
|
| 100 |
1 |
|
|a Walsh, Gary.
|9 43975
|
| 245 |
1 |
0 |
|a Biopharmaceuticals :
|b biochemistry and biotechnology /
|c Gary Walsh.
|
| 250 |
|
|
|a Second edition.
|
| 260 |
|
|
|a Chichester, West Sussex, England ;
|a Hoboken, NJ :
|b J. Wiley,
|c c2003.
|
| 300 |
|
|
|a xviii, 551 pages :
|b illustrations ;
|c 24 cm.
|
| 504 |
|
|
|a Includes bibliographical references and index.
|
| 526 |
|
|
|a MNS
|x Iftekhar Mohammad Shafiqul Kalam
Faculty member of Mathematics and Natural Sciences (MNS).
|
| 541 |
1 |
|
|e 00015777, 00016988
|a Paragon Enterprises LTD
|
| 650 |
|
0 |
|a Pharmaceutical biotechnology.
|9 43976
|
| 650 |
|
0 |
|a Pharmacy.
|9 43977
|
| 852 |
4 |
|
|a Ayesha Abed Library
|c General Stacks
|
| 942 |
|
|
|2 ddc
|c BK
|
| 999 |
|
|
|c 1091
|d 1091
|
| 952 |
|
|
|0 0
|1 0
|2 ddc
|4 1
|6 615_000000000000000__19_WAL_2003
|7 0
|8 NFIC
|9 985
|a BRACUL
|b BRACUL
|c SPS
|d 2009-06-24
|g 163.00
|l 1
|m 3
|o 615.19 WAL
|p 3010015777
|r 2011-10-09
|s 2011-09-13
|t 3
|v 326.00
|w 2009-06-24
|y BK
|
| 952 |
|
|
|0 0
|1 0
|2 ddc
|4 0
|6 615_190000000000000_WAL_2003
|7 0
|8 NFIC
|9 9238
|a BRACUL
|b BRACUL
|c GEN
|d 2010-04-15
|e Paragon Enterprises LTD
|g 5850.00
|l 5
|m 58
|o 615.19 WAL
|p 3010016988
|q 2026-06-02
|r 2026-01-18
|s 2026-01-18
|t 5
|w 2010-04-15
|y BK
|x Requisitioned by Iftekhar Mohammad Shafiqul Kalam, Faculty member of Mathematics and Natural Sciences (MNS).
|
| 952 |
|
|
|0 0
|1 0
|2 ddc
|4 1
|6 615_000000000000000__19_WAL_2003
|7 0
|8 NFIC
|9 10050
|a BRACUL
|b BRACUL
|c SPS
|d 2010-05-11
|l 0
|o 615.19 WAL
|p 3010015776
|r 2010-05-11
|t 2
|w 2010-05-11
|y BK
|
| 952 |
|
|
|0 0
|1 0
|2 ddc
|4 1
|6 615_000000000000000__19_WAL_2003
|7 0
|8 NFIC
|9 10051
|a BRACUL
|b BRACUL
|c SPS
|d 2010-05-11
|l 2
|m 23
|o 615.19 WAL
|p 3010015778
|r 2017-11-30
|s 2017-10-10
|t 4
|w 2010-05-11
|y BK
|
| 952 |
|
|
|0 0
|1 0
|2 ddc
|4 1
|6 615_000000000000000__19_WAL_2003
|7 0
|8 NFIC
|9 10068
|a BRACUL
|b BRACUL
|c SPS
|d 2010-05-11
|l 0
|o 615.19 WAL
|p 3010015775
|r 2010-05-11
|t 1
|w 2010-05-11
|y BK
|